| 000 | 00875nac a22002171u 4500 | ||
|---|---|---|---|
| 010 | _a 2007271077 | ||
| 020 | _a0471710512 | ||
| 020 | _a9780471710516 | ||
| 082 |
_a005 _bN229 |
||
| 090 |
_c2000 _d2000 |
||
| 100 | _aNaveda, J. Fernando. | ||
| 245 | 1 | 0 |
_aIEEE Computer Society real world software engineering problems : _ba self-study guide for today's software professional / _cJ. Fernando Naveda, Stephen B. Seidman. |
| 246 | 3 | 0 | _aReal world software engineering problems |
| 260 |
_aHoboken, NJ : _bJohn Wiley & Sons,2006 _c2006. |
||
| 300 |
_axiii, 310 p. : _bill. ; _c25 cm. |
||
| 650 | 0 | _aSoftware engineering. | |
| 650 | 0 |
_aSoftware engineering _vProblems, exercises, etc. |
|
| 700 | 1 | _aSeidman, Stephen B. | |
| 942 |
_cBB _k005N229 |
||
| 999 |
_c2000 _d2000 |
||